Flags of Europe in 1949 - Statistics

General Stats
  • This quiz has been taken 64 times
  • The average score is 29 of 30
Answer Stats
Picture Answer % Correct
Belgium
100%
Denmark
100%
Finland
100%
France
100%
Hungary
100%
Iceland
100%
Ireland
100%
Italy
100%
Netherlands
100%
Norway
100%
Poland
100%
Portugal
100%
San Marino
100%
Soviet Union
100%
Spain
100%
Sweden
100%
Switzerland
100%
United Kingdom
100%
Vatican City
100%
Albania
98%
Bulgaria
98%
Liechtenstein
98%
Luxembourg
98%
Monaco
98%
Romania
98%
Yugoslavia
98%
Andorra
96%
Czechoslovakia
96%
Greece
86%
Trieste
29%
No matching quizzes found
Score Distribution
Percent of People with Each Score
Percentile by Number Answered
Your Score History
You have not taken this quiz